| 000 | 00485nam a2200193Ia 4500 | ||
|---|---|---|---|
| 008 | 210210b1955 xxu||||| |||| 00| 0 eng d | ||
| 041 | _aeng | ||
| 082 | _a311/37 | ||
| 100 | _aMEHTA (M M) | ||
| 245 | _aMeasurement of industrial productivity | ||
| 260 |
_aCalcutta _bThe World Press Private Ltd., _c1955 |
||
| 300 | _aii,98 | ||
| 650 | _aproductivity | ||
| 650 | _aof | ||
| 650 | _aMeasurement | ||
| 650 | _aindustrial | ||
| 690 | _aMathematical Statistics | ||
| 906 | _a001743 | ||
| 999 |
_c116660 _d116660 |
||